LEADER 02520nam 2200553 a 450 001 9910462312403321 005 20200520144314.0 010 $a1-283-58116-7 010 $a9786613893611 010 $a0-19-166124-4 035 $a(CKB)2670000000237863 035 $a(EBL)1015327 035 $a(OCoLC)809313507 035 $a(SSID)ssj0000705401 035 $a(PQKBManifestationID)12278939 035 $a(PQKBTitleCode)TC0000705401 035 $a(PQKBWorkID)10639727 035 $a(PQKB)11372823 035 $a(MiAaPQ)EBC1015327 035 $a(Au-PeEL)EBL1015327 035 $a(CaPaEBR)ebr10595405 035 $a(CaONFJC)MIL389361 035 $a(EXLCZ)992670000000237863 100 $a20030922d2002 uy 0 101 0 $aeng 135 $aur|n|---||||| 181 $ctxt 182 $cc 183 $acr 200 10$aLight and life$b[electronic resource] /$fMichael Gross 210 $aOxford ;$aNew York $cOxford University Press$d2002 215 $a1 online resource (174 p.) 300 $aDescription based upon print version of record. 311 $a0-19-856480-5 320 $aIncludes bibliographical references and index. 327 $aCover; Contents; Preface: Confessions of a light-addict; 1 The right place at the right time; 2 The oxygen revolution: how cyanobacteria changed the world; 3 Creatures that glow in the dark; 4 How life is guided by light; 5 Seeing and perceiving; 6 Changing ideas about light and life; Further reading; Index; A; B; C; D; E; F; G; H; I; J; K; L; M; N; O; P; Q; R; S; T; U; V; W; X; Y; Z 330 $aThere would be no life on Earth without light from the Sun, and life would not be as highly evolved as it is had it not made the best use of light's energy and information for using photosynthesis, biological clocks, and vision. In Light and Life, Michael Gross explores six major aspects of the complex and fascinating interplay between light and life, ranging from the mythical role of the Sun in ancient cultures to the latest advances in scientific research, coveringphotosynthesis, bioluminescence, vision, perception, and biological clocks. - ;Light, like no other physical phenomenon, is linke 606 $aPhotobiology 608 $aElectronic books. 615 0$aPhotobiology. 676 $a571.455 700 $aGross$b Michael$f1963-$0898181 801 0$bMiAaPQ 801 1$bMiAaPQ 801 2$bMiAaPQ 906 $aBOOK 912 $a9910462312403321 996 $aLight and life$92006806 997 $aUNINA LEADER 03638nam 2200685 450 001 9910798280603321 005 20230808191915.0 010 $a3-11-045451-3 010 $a3-11-045521-8 024 7 $a10.1515/9783110455212 035 $a(CKB)3710000000609748 035 $a(EBL)4426450 035 $a(SSID)ssj0001624683 035 $a(PQKBManifestationID)16361764 035 $a(PQKBTitleCode)TC0001624683 035 $a(PQKBWorkID)14884168 035 $a(PQKB)11177827 035 $a(DE-B1597)460421 035 $a(OCoLC)945612183 035 $a(DE-B1597)9783110455212 035 $a(MiAaPQ)EBC4426450 035 $a(Au-PeEL)EBL4426450 035 $a(CaPaEBR)ebr11163747 035 $a(CaONFJC)MIL900987 035 $a(OCoLC)942843126 035 $a(EXLCZ)993710000000609748 100 $a20160317h20162016 uy 0 101 0 $aeng 135 $aur|n|---||||| 181 $ctxt 182 $cc 183 $acr 200 10$aOn the elements of ontology $eattribute instances and structure /$fD.W. Mertz 210 1$aBerlin, [Germany] ;$aBoston, [Massachusetts] :$cDe Gruyter,$d2016. 210 4$dİ2016 215 $a1 online resource (328 p.) 225 1 $aPhilosophische Analyse,$x2198-2066 ;$vBand 68 =$aPhilosophical Analysis ;$vVolume 68 300 $aDescription based upon print version of record. 311 $a3-11-045524-2 311 $a3-11-045420-3 320 $aIncludes bibliographical references and index. 327 $tFrontmatter -- $tContents -- $tPreface -- $t1. Overview: Attribution, Structure, and the Five Forms of Composition -- $t2. Instance vs. Classic Ontology: Individuation and Adherence -- $t3. Instance vs. Classic Ontology: Intensions and Unification -- $t4. Atomic Structures: Facts and Their Natures -- $t5. Complex Structures and Ontic Atoms -- $tReferences -- $tIndex 330 $aCentral to Elements is an assay of the attributional union properties and relations have with their subjects, a topic historically left metaphorical. The work critiques eight Aristotelian assumptions concerning attribute dependence and ?inherence?, per se subjects (?substances?), attributes as agent-organizers, and unity-by-a-shared-one. Groups of these assumptions are seen to yield contradiction, vicious regress, or other problems. This analysis, joined with insights from an assay of ubiquitous structure, motivate ten theses explicating attribution and its primary ontic status. The theses detail: attributes proper as individuated instances, structure as instance-generated facts and their two forms of composition, the conditioning role and universal nature of instances? component intensions, the primacy of attribute instances for generating all forms of composition and complex entities, and identity and indiscernibility criteria for the latter. Principal is the insight that attribution is intension-determined combinatorial agency. It is its systematizing implications that provide solutions to classic problems, e.g., Composition, Individuation, and Universals, and in net generate a comprehensive one-category structuralist ontology. 410 0$aPhilosophische Analyse ;$vBand 68. 606 $aOntology 610 $aAristotle. 610 $acategories. 610 $aindividuation. 610 $aunity. 610 $auniversals. 615 0$aOntology. 676 $a111 700 $aMertz$b D. W$g(Donald W.),$f1947-$01505533 801 0$bMiAaPQ 801 1$bMiAaPQ 801 2$bMiAaPQ 906 $aBOOK 912 $a9910798280603321 996 $aOn the elements of ontology$93735114 997 $aUNINA